Power electronics handbook: devices, circuits, and applications

保存先:
書誌詳細
第一著者: Rashid, Muhammad Harunur (著者)
フォーマット: 図書
言語:英語
出版事項: Burlington Elsevier 2011
版:3a. ed
主題:
タグ: タグ追加
タグなし, このレコードへの初めてのタグを付けませんか!

MARC

LEADER 00000cam a2200000 a 4500
001 UCF2566
003 CL-VaPUC
008 120830e20110000US |||||||||||||||||eng|d
020 |a 9780123820365 
082 0 4 |a 621.317  |b RAS  |2 21 
100 0 |a Rashid, Muhammad Harunur  |e author  |9 564246 
245 1 0 |a Power electronics handbook: devices, circuits, and applications 
250 |a 3a. ed 
300 |a 1389 p 
942 |c BK 
945 |d 20120830 00:00:00  |a cmena 
260 |a Burlington  |b Elsevier  |c 2011 
650 0 |a Electrónica de potencia  |9 263153 
650 0 |a Dispositivos electrónicos   |9 355274 
650 0 |a Circuitos electrónicos  |9 260204 
650 0 |a Manuales  |9 257144 
583 |a last modification  |c 20120830 10:25:00  |k Rodrigo Vera 
999 |c 349108  |d 349106 
952 |0 0  |1 0  |2 ddc  |4 0  |6 621_317000000000000_RAS_2011  |7 0  |8 A  |9 451537  |a BIBING  |b BIBING  |c RES  |d 2019-11-22  |i 4898575  |o 621.317 RAS 2011  |p 4898575  |r 2025-01-20  |w 2019-11-22  |y BK  |k EIE